| 000 | 02584nam0a22005531 4500 | ||
|---|---|---|---|
| 001 | RU\NLR\A1\24677 | ||
| 005 | 20260407090942.0 | ||
| 035 | _a(NLR Aleph) 009679001 | ||
| 090 |
_a9694176 _c9694176 |
||
| 100 | _a19981116d1772 m y0rusy50 ca | ||
| 101 | 0 | _arus | |
| 102 | _aRU | ||
| 135 | _acrcn 024anaba | ||
| 140 | _ay y aayaa0000 | ||
| 200 | 1 |
_aНадпись на благополучное возвращение его сиятельства графа Григорья Григорьевича Орлова из Москвы в Санктпетербург. _eДекабря дня, 1771 года |
|
| 210 |
_a[Санктпетербург _cТип. Акад. наук _d1772] |
||
| 215 |
_a[2] с. _d8° |
||
| 300 | _aВ стихах | ||
| 300 | _aТекст на с.[1] | ||
| 303 | _aОписано по заголовку | ||
| 305 | _aОтт. из журн.: Трудолюбивый муравей. 1771. N 20. С.160 | ||
| 310 | _aТираж 100 экз. | ||
| 316 |
_aЭкз. РНБ (18.150.2.74) в серой бум. обл. На 1-й и 2-й с. обл. ярлык с шифром РНБ. На с.[1] и [2] круглый штамп ГПБ. Размер: 21,5х13,6х0,1 см _5NLR: 18.150.2.74 |
||
| 321 | 1 | _aСК XVIII 6142 | |
| 325 | _aКопия доступна в Электрон. б-ке РНБ | ||
| 600 | 1 |
_aОрлов _bГ.Г. _f1734 - 1783 _gГригорий Григорьевич _92584393 _3RU\NLR\AUTH\661527612 |
|
| 620 | _dСанкт-Петербург | ||
| 700 | 1 |
_4070 _7ca _8rus _aРубан _bВ. Г. _f1742-1795 _gВасилий Григорьевич _9159632 _3RU\NLR\AUTH\770159673 |
|
| 712 | 0 | 2 |
_4610 _aАкадемическая типография _cПетербург _3RU\NLR\AUTH\8815379 _9303965 |
| 790 | 0 |
_6z01700 _aВ.Р. |
|
| 801 | 0 |
_aRU _bNLR _c19981116 |
|
| 852 |
_aNLR _j18.150.2.74 |
||
| 856 | 0 | _uhttps://vivaldi.nlr.ru/bx000025031/view | |
| 856 | 1 | _uhttps://vivaldi.nlr.ru/bx000025031/cover | |
| 856 | 2 | _uhttps://vivaldi.nlr.ru/bx000025031/text | |
| 899 | _aРГБ | ||
| 899 | _aБАН | ||
| 899 | _aГПИБ | ||
| 942 | _cBOOK | ||
| 980 | _aNB | ||
| 980 | 3 | _akpcivil | |
| 980 | 3 | _akp2021 | |
| 980 | 3 | _akp | |
| 980 | _aA1XVIIIv | ||
| 981 | 2 | 0 |
_a(20) Книжные памятники РНБ _b(20) Русский книжный фонд |